| 000 | 00559nam a2200169Ia 4500 | ||
|---|---|---|---|
| 008 | 090122s9999 xx 000 0 und d | ||
| 082 |
_b2176 _a891.463 |
||
| 100 |
_aकाकोडकर _bचंद्रकांत |
||
| 245 | _aमी तुझी जोडीदार | ||
| 260 |
_bयुवराज प्रकाशन _c1974 |
||
| 300 | _a146 | ||
| 600 | _aकाकोडकर | ||
| 630 | _aमी तुझी जोडीदार | ||
| 700 | _aकाकोडकर | ||
| 730 | _aमी तुझी जोडीदार | ||
| 942 | _cBOOK | ||
| 999 |
_c26254 _d26254 |
||